Statistics for Learn the capitals of South America

Click here to take the quiz!

General Stats

  • This quiz has been taken 36 times
  • The average score is 9 of 12

Answer Stats

CountryAnswer% Correct
BrasilBrasilia
100%
PeruLima
91%
ArgentinaBuenos Aires
86%
ColombiaBogota
82%
VenezuelaCaracas
82%
BoliviaLa Paz/Sucre
77%
EcuadorQuito
77%
ChileSantiago
77%
ParaguayAsuncion
73%
UruguayMontevideo
73%
GuyanaGeorgetown
55%
SurinameParamaribo
45%

Score Distribution

Percentile by Number Answered

Percent of People with Each Score

Your Score History

You have not taken this quiz